The trouble with physics : (Record no. 29886)

000 -LEADER
fixed length control field 00601 a2200169 4500
020 ## - INTERNATIONAL STANDARD BOOK NUMBER
International Standard Book Number 061891868X
020 ## - INTERNATIONAL STANDARD BOOK NUMBER
International Standard Book Number 9780618918683
082 ## - DEWEY DECIMAL CLASSIFICATION NUMBER
Classification number 530.14
090 ## - LOCALLY ASSIGNED LC-TYPE CALL NUMBER (OCLC); LOCAL CALL NUMBER (RLIN)
-- 1273
-- 1273
100 1# - MAIN ENTRY--PERSONAL NAME
Personal name Smolin, Lee.
245 14 - TITLE STATEMENT
Title The trouble with physics :
Remainder of title the rise of string theory, the fall of a science, and what comes next /
Statement of responsibility, etc. Lee Smolin.
260 ## - PUBLICATION, DISTRIBUTION, ETC.
Place of publication, distribution, etc. [S.l.] :
Name of publisher, distributor, etc. Mariner Books,
Date of publication, distribution, etc. 2006.
300 ## - PHYSICAL DESCRIPTION
Extent 416 p. ;
Dimensions 22 cm.
700 ## - ADDED ENTRY--PERSONAL NAME
Personal name Smolin, Lee.
942 ## - ADDED ENTRY ELEMENTS (KOHA)
Institution code [OBSOLETE] SNS
Koha item type Book
Call number prefix 530.14 SMO
Holdings
Withdrawn status Lost status Damaged status Not for loan Permanent Location Current Location Date acquired Total Checkouts Full call number Barcode Date last seen Price effective from Koha item type
        School of Natural Sciences (SNS) School of Natural Sciences (SNS) 05/26/2016   530.14 SMO SNS0001306 05/26/2016 05/26/2016 Book
© 2023 Central Library, National University of Sciences and Technology. All Rights Reserved.